000 00243nam a2200097Ia 4500
001 715299
005 20250826162922.0
008 250824s9999 xx 000 0 und d
245 0 _aKAYIP GÖLGELER KENTİ
_cNAZLI ERAY
260 _bEVEREST YAYINLARI
999 _c715299
_d715299